Potential hazards from floodflows within the John Muir House National Historic Site, Franklin Creek drainage basin, California /

Bibliographic Details
Main Author: Meyer, Robert W.
Corporate Authors: United States. National Park Service, Geological Survey (U.S.)
Format: Government Document Book
Language:English
Published: Sacramento, Calif. : U.S. Dept. of the Interior, U.S. Geological Survey ; 1994.
Series:Water-resources investigations report ; 93-4009.
Subjects:

MARC

Tag First Indicator Second Indicator Subfields
LEADER 00000cam a2200000 a 4500
001 in00001175607
005 20151002051147.0
008 940411s1994 cauab b f000 0 eng d
010 |a gp 94082804  
035 |a (OCoLC)30114853 
035 |9 AGH1807AM 
040 |d GPO  |d DLC  |d UtOrBLW 
043 |a n-us-ca 
074 |a 0624-B 
086 0 |a I 19.42/4:93-4009 
100 1 |a Meyer, Robert W. 
245 1 0 |a Potential hazards from floodflows within the John Muir House National Historic Site, Franklin Creek drainage basin, California /  |c by Robert W. Meyer ; prepared in cooperation with the National Park Service. 
264 1 |a Sacramento, Calif. :  |b U.S. Dept. of the Interior, U.S. Geological Survey ;  |c 1994. 
264 2 |a Denver, CO :  |b For sale by the U.S. Geological Survey, Earth Science Information Center, Open-File Reports Section [distributor], 
300 |a iii, 9 pages :  |b illustrations, maps ;  |c 28 cm. 
336 |a text  |b txt  |2 rdacontent 
337 |a unmediated  |b n  |2 rdamedia 
338 |a volume  |b nc  |2 rdacarrier 
490 1 |a Water-resources investigations report ;  |v 93-4009 
500 |a Spine title: Potential hazards from floodflows, John Muir House National Historic Site, Franklin Creek drainage basin, California. 
500 |a Shipping list number: 94-0111-P. 
504 |a Includes bibliographical references (page 9). 
650 0 |a Floods  |z California  |z Franklin Creek Watershed. 
650 0 |a Groundwater flow  |x Environmental aspects  |z California  |z Franklin Creek Watershed. 
650 0 |a Subsurface drainage  |x Environmental aspects  |z California  |z Franklin Creek Watershed. 
710 1 |a United States.  |b National Park Service. 
710 2 |a Geological Survey (U.S.) 
740 0 |a Potential hazards from floodflows, John Muir House National Historic Site, Franklin Creek drainage basin, California. 
830 0 |a Water-resources investigations report ;  |v 93-4009. 
999 |a MARS 
999 f f |s bd4f0d67-acad-3a55-b729-7745bec9da78  |i f9f7fa78-a507-3954-981e-b299e7fb36df  |t 0 
952 f f |p normal  |a Texas A&M University  |b College Station  |c Sterling C. Evans Library  |d Evans: US Documents (Annex 5th floor)  |t 0  |e I 19.42/4:93-4009  |h Superintendent of Documents classification  |i unmediated -- volume  |m A14819211380 
998 f f |a I 19.42/4:93-4009  |t 0  |l Evans: US Documents (Annex 5th floor)